| 000 | 00986nam a22002657a 4500 | ||
|---|---|---|---|
| 999 |
_c5374 _d5374 |
||
| 003 | AR-CdUCM | ||
| 008 | 190312b ||||| |||| 00| 0 spa d | ||
| 020 | _a968-6599-12-6 | ||
| 040 |
_aMUNICIPALIDAD PROVINCIAL DEL CUSCO _cBIBLIOTECA MUNICIPAL DEL CUSCO |
||
| 041 | _heng | ||
| 082 |
_a122.7 / _bM58 |
||
| 100 |
_aMill, John Stuart _916206 |
||
| 245 | _aConsideraciones sobre el Gobierno Representativo / | ||
| 260 |
_aMéxico : _bEdiciones Gernika ; _c1991. |
||
| 300 |
_a408 páginas ; _c17cm |
||
| 440 |
_aColección Clásicos Ciencia y Política _n3 _916207 |
||
| 505 | _aContenido: Hasta que grado ñas formas de gobierno son material de elección -- Criterio que norma una forma conveniente de gobierno -- Que el gobierno representativo es el modelo del gobierno ideal... | ||
| 650 |
_aGobierno _92618 |
||
| 650 |
_aNormas _915859 |
||
| 650 |
_aElecciones _91677 |
||
| 650 |
_aDemocracia _91352 |
||
| 650 |
_aParlamento _96911 |
||
| 942 |
_2ddc _cLIBROS |
||
| 945 | _anom | ||